000 00511nam a2200169Ia 4500
008 090711s9999 xx 000 0 und d
082 _b78642
100 _aपानवलकर श्री. दा.
245 _aसंजारी
260 _bमौज प्रकाशन
_c1996
300 _a92
600 _aपानवलकर श्री. दा.
630 _aसंजारी
700 _aपानवलकर श्री. दा.
730 _aसंजारी
942 _cBOOK
999 _c290605
_d290605